Statistics for PJO/HoO Character Word Chain

Click here to take the quiz!

General Stats

  • This quiz has been taken 66 times
  • The average score is 12 of 15

Answer Stats

HintAnswer% Correct
Wise GirlAnnabeth
100%
Drives a Maserati across the SkyApollo
95%
Goddess who leads 'The Hunt'Artemis
95%
Stuffed Animal MurdererOctavian
89%
(Greek form) Swapped Jason and Percy's PlacesHera
88%
(Last Name) "I can see the stars again m'lady"Nightshade
88%
Virgin Goddess of the HearthHestia
84%
The spy in The Last Olympian (Is Really a Hero)Silena
82%
Last name of some mischievous twinsStoll
82%
Middle name of Blue Plastic Hairbrush WeilderElizabeth
81%
Hazel (Daughter of Pluto)'s Last NameLevesque
81%
Appears briefly, cursed to repeat everything she hearsEcho
70%
Reyna's middle nameAvila
65%
Mother of Malcolm PaceAthena
58%
Water Titan who was neutral in the first war, not the secondOceanus
51%

Score Distribution

Percentile by Number Answered

Percent of People with Each Score

Your Score History

You have not taken this quiz